=LDR 00000nam 2200000 4500 =001 INLIS000000000053209 =005 20180424090354 =035 ##$$a 0010-0418000100 =007 ta =008 180424###########################0###### =020 ##$$a 978-3245-10-7 =082 ##$$a 370.19 =084 ##$$a 370.19 MUH s =100 #$$a Muhyi Batubara =245 1#$$a Sosiologi pendidikan /$c Muhyi Batubara =250 ##$$a Cet.1 =260 ##$$a Jakarta :$b Ciputat Press,$c 2004 =300 ##$$a 139 hlm. : $b Ilus ; $c 20 cm =650 ##$$a Sosiologi - pendidikan =504 ##$$a Bibliografi : hlm. 136 - 137 =990 ##$$a 72097209 =990 ##$$a 51800073